Poder, estado y constitucin̤

Bibliographic Details
Main Author: Galvô de Souza, Jos ̌Pedro
Format: eBook
Language:Spanish
Published: Madrid: Marcial Pons, 2019
Subjects:
Online Access:Acceso restringido

MARC

LEADER 00000nam a22000007a 4500
005 20200312232937.0
007 cr|||| ||||
008 200312s2019 es |||||s|||| 00||0 spa d
020 |a 978-84-9123-811-9 
035 |a 31317 
040 |a vLex 
090 |c 10256  |d 10256 
100 1 |a Galvô de Souza, Jos ̌Pedro 
245 1 0 |a Poder, estado y constitucin̤  |h [Recurso electrn̤ico] /  |c Jos ̌Pedro Galvô de Souza 
256 |a Servicio en ln̕ea 
260 |a Madrid:  |b Marcial Pons,  |c 2019 
300 |a 1 recurso electrn̤ico 
506 1 |a Disponible solo en los productos indicados  |d vLex Global  |d vLex Global (Academic Edition, excluding Law Schools)  |d vLex Global (U.S. Academic Edition, Law Schools)  |d vLex Global (U.S. Academic Edition, excluding Law Schools)  |d vLex Global (Academic Edition, Law Schools) 
650 0 4 |a Derecho Militar  |z Espaą 
740 0 |a vLex Libros (Servicio en ln̕ea) 
856 4 0 |u http://vlex.com/source/poder-estado-constitucion-31317  |z Acceso restringido 
942 |c BOOK 
999 0 |a Military Law